Xarxa Local de Prevenció de les Drogodependències : recull de conferències i comunicacions d'experiències municipals i d'entitats recull de conferències i comunicacions d'experiències municipals i d'entitats
Publicado:
Barcelona :
Diputació de Barcelona. Àrea de Benestar Social. Servei d'Acció Social ,
2008
Descripción Física:
221 p. ; 30 cm
MARC
| LEADER | 00000nam a2200000Ia 4500 | ||
|---|---|---|---|
| 001 | 20731 | ||
| 008 | 160829s2008 xx 000 0 cat d | ||
| 080 | |a S-1-258 | ||
| 100 | |a Xarxa Local de Prevenció de les Drogodependències |9 43101 | ||
| 245 | |a Xarxa Local de Prevenció de les Drogodependències : |b recull de conferències i comunicacions d'experiències municipals i d'entitats | ||
| 250 | |a 2a ed. | ||
| 260 | |a Barcelona : |b Diputació de Barcelona. Àrea de Benestar Social. Servei d'Acció Social, |c 2008 | ||
| 300 | |a 221 p. ; |c 30 cm | ||
| 590 | |a Celebrat el 15 de març de 2006 | ||
| 650 | |a Drogoaddicció |x Congressos |9 31522 | ||
| 650 | |a Drogues |x Congressos |9 31523 | ||
| 710 | 1 | |a Barcelona (Catalunya : Província). |b Servei d'Acció Social |9 55537 | |
| 901 | |a Arxiu | ||
| 942 | |n 1 | ||
| 952 | |0 0 |1 0 |4 0 |6 S1258 |7 1 |9 52990 |a Arxiu |b Arxiu |d 2016-12-01 |l 0 |o S-1-258 |p 20731 |r 2016-12-01 00:00:00 |w 2016-12-01 |y ARXIU | ||
| 999 | |c 56839 |d 56839 | ||